|
|
|
|
| LEADER |
01205nam a2200277 u 4500 |
| 001 |
10117814 |
| 003 |
upatras |
| 005 |
20210117205604.0 |
| 008 |
151007s1996 lat |
| 020 |
|
|
|a 3487102552
|
| 040 |
|
|
|a GR-PaULI
|c GR-PaULI
|
| 041 |
0 |
|
|a lat
|
| 082 |
1 |
4 |
|a 882.23
|2 ΕΕΒ
|
| 245 |
1 |
0 |
|a Lexicon Menandreum
|c curante Giuseppe Pompella
|
| 260 |
|
|
|a Hildesheim
|a New York
|b Olms-Weidmann
|c 1996
|
| 300 |
|
|
|a 289 p.
|c 24 cm.
|
| 490 |
0 |
|
|a Alpha-Omega : Reihe A, Lexika, Indizes, Konkordanzen, zur klassischen Philologie
|v 142
|
| 650 |
|
4 |
|a Ελληνικό δράμα (Κωμωδία)
|x Λεξικά, Ευρετήρια, κλπ.
|9 146625
|
| 600 |
1 |
4 |
|9 77243
|a Μένανδρος,
|c ο Αθηναίος,
|d 342-291
|x Λεξικά, Ευρετήρια, κλπ.
|
| 700 |
1 |
|
|a Pompella, Giuseppe
|4 edt
|9 146626
|
| 760 |
0 |
|
|a Alpha-Omega
|g 142
|
| 852 |
|
|
|a GR-PaULI
|b ΠΑΤΡΑ
|b ΘΕΑΤΡΟΛΟΓΙΑ
|k ΟΧΙΔ
|h R 882.23 MEN POM
|m 013783
|p 025000011006
|t 1
|
| 942 |
|
|
|2 ddc
|c BKN
|
| 952 |
|
|
|0 0
|1 0
|4 0
|6 R_882_230000000000000_MEN_POM
|7 0
|9 184913
|a THST
|b THST
|d 2016-04-24
|i 013783
|l 0
|o R 882.23 MEN POM
|p 025000011006
|r 2016-04-24 00:00:00
|t 1
|w 2016-04-24
|y BKN
|
| 998 |
|
|
|c ΜΑΝΙΑ
|d 2015-10
|
| 999 |
|
|
|c 113958
|d 113958
|